000 00560nam a2200157 i 4500
001 42530
003 ES-MaACL
007 t|
008 030404s1886 fr ||||1| fre d
100 1 _aBarrois, Charles.
_926037
245 1 6 _aSur la faune de Hont-de-Ver (Haute-Garonne) /
_cpar Charles Barrois.
260 _aLille :
_b[s.n.,
_c1886] (
_fImp. Liégeoix-Six)
300 _ap. [124]-144, [3] h. de lám. ;
_c23 cm.
500 _aExtrait des Annales de la Société Géologique du Nord. T.XII, p. 124, séance du 6 Janvier 1886.
852 _aES-MaACL
_jT-910-F-6
999 _c42530
_d42530